Responses for show #5744 - Thursday, July 23, 2009

Stefan Goodreau game 4.

Contestants

[<< previous game]

Rosanne Coloccia, a travel agent and travel writer from Chandler, Arizona

Zach Goldberg, a Congressional aide from Washington, D.C.

Stefan Goodreau, a video game tester and camp counselor from Los Angeles, California (whose 3-day cash winnings total $65,735)

[next game >>]

Jeopardy! Round responses

EAST ASIA
BATMAN TV VILLAINS
DANSWERS
(Alex: Each response is the name of a dance.)
QUOTATIONS FROM BARTLETT'S
KILLED BY DEATH
"MOTOR" HEAD
    $200 1
sand

Rosanne
    $200 6
the Penguin

Stefan
    $200 21
(Zach: What is Richmond?)

Charleston

StefanZach
    $200 16
drop out

Rosanne
    $200 11
laughing

Stefan
    $200 26
his motorcycle

Rosanne
    $400 2
Thailand

Stefan
    $400 7
(Stefan: [Purrs--"Rrrow!"] $600, BATMAN.)
(Alex: Easy now...)

Catwoman

Stefan
    $400 22
salsa

Stefan
    $400 17
Henny Youngman

Stefan
    $400 12
conducting

Stefan
    $400 27
a motormouth

Stefan
    $600 3
rich

Stefan
    $600 8
the Riddler

Stefan
    $600 23
(Zach: What's the rumba?)

a conga

StefanZach
    $600 18
Hillary Clinton

Zach
    $600 13
an elephant

Stefan
    $600 28
a motorcade

Stefan
    $800 4
Yangon

Stefan
    $800 9
the Joker

Rosanne
    $800 24
limbo

Stefan
    $800 19
(Zach: What is Night at the Opera?)
...
(Alex: A lot of great quotes from that movie.)

Casablanca

Zach
Triple Stumper
    $800 14
Running

Stefan
    $800 29
motorhomes

Stefan
    $1,800 5
(Alex: Usually you find it when you have more than $4,000 and you make it a True Daily Double. Now you have $1,800.)
(Stefan: I'll make it a True Daily Double.)
...
(Stefan: What is the South China Sea?)

Yellow Sea

Stefan
    $1000 10
King Tut

Triple Stumper
    $1000 25
Fandango

Zach
    $1000 20
Meredith Willson

Rosanne
    $1000 15
(Rosanne: Who is Kingston?)

(Marcus) Garvey

ZachRosanne
    $1000 30
the motor pool

Triple Stumper

Scores at the first commercial break (after clue 15):

Stefan Zach Rosanne
$3,200 $1,000 $0

Scores at the end of the Jeopardy! Round:

Stefan Zach Rosanne
$7,400 $1,000 $1,400

Double Jeopardy! Round responses

LITERARY ANALYSIS
(Alex: You have to identify the character being psychoanalyzed.)
PUGILISM
BUSINESS AS USUAL
WE'RE OFF TO SEE THE LIZARD
FIRST & LAST NAME, PLEASE
ABBREV.
    $400 6
Dr. Frankenstein

Stefan
    $400 2
Michael Spinks

Zach
    $400 11
pens

Stefan
    $400 26
a chameleon

Stefan
    $400 17
Hubert Humphrey

Stefan
    $400 21
delivery

Stefan
    $800 7
King Lear

Zach
    $800 5
Wyatt Earp

Stefan
    $800 12
Disney

Zach
    $800 27
a leopard lizard

Stefan
    $6,000 16
(Alex: I'm sure Zach was looking for it, but he didn't find it down lower.)

Edgar Rice Burroughs

Stefan
    $800 22
P.O.W. & M.I.A.

Rosanne
    $1200 8
Moriarty

Rosanne
    $1200 1
Buster Douglas

Rosanne
    $1200 18
(Rosanne: What is Google?)
(Stefan: What is Fox?)

News Corp.

StefanRosanne
Triple Stumper
    $1200 28
skink

Triple Stumper
    $1200 15
Jimmy Hoffa

Stefan
    $1200 23
(Zach: What is natal?)
(Alex: Be--no.)

neonatal

StefanZach
    $1600 9
[Stefan gave both listed responses.]

Smeagol (or Gollum)

Stefan
    $1600 3
(Rosanne: What is light heavyweight?)

cruiserweight

Rosanne
Triple Stumper
    $1600 19
(Zach: What is The Chicago Tribune?)

The New York Times Company

Zach
Triple Stumper
    $1600 29
the beaded lizard

Triple Stumper
    $1600 14
Elizabeth Cady Stanton

Stefan
    $1600 24
(Rosanne: What is Income?)

Insurance

Rosanne
Triple Stumper
    $2000 10
(Alex: Yes, in A Clockwork Orange.)
[NOTE: The character's last name is never given in the book.]

Alex DeLarge

Stefan
    $2000 4
(Alex: You knew that, Zach?)
(Zach: Just after you said it.)

Floyd Mayweather

Triple Stumper
    $600 20
(Stefan: I don't know.)

The Limited

Stefan
    $2000 30
the eastern glass lizard

Triple Stumper
    $2000 13
Richard Evelyn Byrd

Triple Stumper
    $2000 25
volatile organic compounds

Triple Stumper

Scores at the end of the Double Jeopardy! Round:

Stefan Zach Rosanne
$22,800 $200 $200
(lock game)

[wagering suggestions for these scores]

Final Jeopardy! Round responses

FOOD
(Alex: I'm--I hope the name Emil Frey sounded German to you. Then you have to make the transition to German songs, singing. What are "songs" in German?)
...
(Alex: [Revealing Stefan's response] Come on, Stefan! You're good with humor. No, the German for "songs" is "Lieder". [*] cheese. [*]. What was your wager?)
[Audience groans]
(Alex: $20--am I seeing that right? $20,065? My gosh. You went berserk today.)
[Stefan laughs]
RosanneWhat is Eminthaler?
$50
ZachWhat is: Munster
$107
StefanWhat is Whiffenpoof cheese
$20,065
Liederkranz

Final scores:

Stefan Zach Rosanne
$2,735 $93 $150
4-day champion: $68,470 3rd place: $1,000 2nd place: $2,000

Game dynamics:

Coryat scores:

Stefan Zach Rosanne
$20,000 $200 $200
31 R
(including 1 DD),
3 W
(including 2 DDs)
6 R,
5 W
8 R,
4 W

Combined Coryat: $20,400

The J! Archive is created by fans, for fans. The Jeopardy! game show and all elements thereof, including but not limited to copyright and trademark thereto, are the property of Jeopardy Productions, Inc. and are protected under law. This website is not affiliated with, sponsored by, or operated by Jeopardy Productions, Inc. Join the discussion at JBoard.tv.